000 01210nam0a2200325 i 4500
001 RU\NLR\BIBL_A\010195743
005 20240921122026.0
010 _a9785904062576
_9100
021 _aRU
_b2013-104695
_97272
035 _a(NILC)RuMoRGB-006718449
035 _a(NLR Aleph) 010195743
090 _a10220877
_c10220877
100 _a20140227d2013 m y0rusy50 ca
101 0 _arus
102 _aRU
105 _ay|||z|||000gy
200 1 _aОпасный жанр
_eмини-басни
_fЯрослав Гульбин
210 _aВеликий Новгород
_c[б. и.]
_d2013
215 _a161, [3] с.
_d21
327 1 _aСодерж.: циклы: Прозрение; Ну и ну!; Каждому свое; По существу; Шутя всерьез; Не шутка; Не секрет; Думать надо; По сути; То-то и оно! [и др.]
675 _a821.161.1-1
686 2 _aШ6(2=Р)8-756
700 1 _aГульбин
_bЯ.
_gЯрослав
_9138772
_3RU\NLR\AUTH\770138807
801 0 _aRU
_bRuMoRKP
_c20131223
_gRCR
801 2 _aRU
_bРГБ
_c20140115
_grcr
942 _cBOOK
980 _aNBR